| 000 | 00766nmc a2200253 a 4500 | ||
|---|---|---|---|
| 003 | AR-BaBNM | ||
| 005 | 20251128211431.0 | ||
| 008 | 164020s1969 ||||||||||||||000 | spa|| | ||
| 040 | _cAR-BaBNM | ||
| 100 | 1 | _aNúñez Lendoiro, José Raimundo | |
| 245 | 1 | 0 | _aEl puente nuevo y la caramona representados en el blasón de Betanzos de los caballeros |
| 260 |
_aBuenos Aires _c1969 |
||
| 300 | 0 |
_a59 - 84 p. _bláms. |
|
| 490 | 0 |
_aEsquemas _vv. 99 |
|
| 500 | 0 | _aContiene referencias bibliográficas en p. 95 | |
| 500 | 0 | _aBreve vocabulario heráldico en p. 93 | |
| 650 | 4 | _aHERALDICA | |
| 650 | 4 | _aHISTORIA Y ESTUDIOS CONEXOS | |
| 650 | 4 | _aBANDERAS | |
| 650 | 4 | _aGENEALOGIA | |
| 700 | 1 | _aRivadulla Porta, José Enrique | |
| 942 | _cBK | ||
| 998 | _cMariana | ||
| 999 |
_c19676 _d19676 |
||